| 000 | 00366nam a2200145Ia 4500 | ||
|---|---|---|---|
| 008 | 230917s9999||||xx |||||||||||||| ||und|| | ||
| 040 |
_e124333 _aMAIN |
||
| 041 | _aEnglish | ||
| 082 | _a801.95 A24L | ||
| 100 | _aAyers, David | ||
| 245 | 0 | _aLiterary theory; A reintroduction | |
| 260 |
_aNew Delhi _bBlackwell Publishing _c2008 |
||
| 300 | _a248 p. | ||
| 942 | _cBK | ||
| 999 |
_c147410 _d147410 |
||